000 00795nam a22001937a 4500
999 _c371316
_d371316
008 201127b ||||| |||| 00| 0 eng d
040 _aDE-2950
_bger
_cDE-2950
_erda
041 _ager
245 _aAbgeordnete Sahra Damus plant sechsmonatige Auszeit.
_bPolitik: Seit 2019 ist die Grünen-Politikerin aus Frankfurt Mitglied des Landtages. Ab Ende Januar pausiert die 39-Jährige. Der Grund ist überaus erfreulich /
_cThomas Gutke
264 _c2022
653 _aFrankfurt (Oder)
653 _aDamus, Sahra
653 _aBündnis 90/ Die Grünen
773 _dFrankfurt (Oder) Märkisches Verlags- und Druckhaus GmbH & Co KG
_tMärkische Oderzeitung
_g33. Jahrgang (2022) Nr. 10 vom 13.01.2022, S. 16
942 _cA